header

Between evidence and ideology (Record no. 115141)

MARC details
000 -LEADER
fixed length control field 02753nam a2200397 a 4500
082 04 - DEWEY DECIMAL CLASSIFICATION NUMBER
Classification number 221.9/5
245 10 - TITLE STATEMENT
Title Between evidence and ideology
260 ## - PUBLICATION, DISTRIBUTION, ETC. (IMPRINT)
Place of publication Leiden ;
-- Boston :
Name of publisher Brill,
Year of publication 2011.
300 ## - PHYSICAL DESCRIPTION
Number of Pages xiv, 234 p. :
Other physical details ill., maps.
490 1# - SERIES STATEMENT
Series statement Oudtestamentische studien = Old Testament studies,
505 0# - FORMATTED CONTENTS NOTE
Formatted contents note David between ideology and evidence / Bob Becking -- Mercator in the wilderness : Numbers 33 / John R. Bartlett -- Origins of Israel between history and ideology / Meindert Dijkstra -- The case of the corrupting consensus / Lester L. Grabbe -- Hasidisms and their militant ideologies : 1 and 2 Maccabees, Psalms 144 and 149 / Harm van Grol -- The Old Testament as a diachronic corpus / Marinus Koster -- Pharaoh Shishak's invasion of Palestine and the Exodus from Egypt / Andrew Mayes -- The Greek Esthers and the search for history : some preliminary observations / Jill Middlemass -- Does archaeology really deserve the status of a 'high court' in biblical historical research? / Nadav Na'aman -- Prophecy and history in the book of Judges / Klaas Spronk -- Resisting the past : ancient Israel in Western memory / Keith W. Whitelam.
650 #0 - SUBJECT ADDED ENTRY--TOPICAL TERM
Topical Term Jews
Topical Term Judaism
700 1# - ADDED ENTRY--PERSONAL NAME
Personal name Becking, Bob.
Personal name Grabbe, Lester L.
856 40 - ELECTRONIC LOCATION AND ACCESS
Uniform Resource Identifier http://site.ebrary.com/lib/rucke/Doc?id=10470561

No items available.

© 2026 Rongo University
Contact us: librarian | system librarian | Rongo university